La ira del fuego /
Sofia, who lost her legs as a child, is now grown up with children in Mozambique, but when she discovers that Armando, the father of her children, is cheating on her, she leaves him, igniting his terrible rage.
Guardado en:
| Autor principal: | |
|---|---|
| Otros Autores: | , |
| Formato: | Electrónico eBook |
| Lenguaje: | español sueco |
| Publicado: |
Madrid :
Ediciones Siruela,
octubre de 2011.
|
| Edición: | Edición en formato digital. |
| Colección: | Tres edades ;
166. |
| Materias: | |
| Acceso en línea: | Digitalia Hispánica |
| Etiquetas: |
Agregar Etiqueta
Sin Etiquetas, Sea el primero en etiquetar este registro!
|
MARC
| LEADER | 00000nam a2200000Ii 4500 | ||
|---|---|---|---|
| 001 | DIGSIRLA0197 | ||
| 003 | NyNyDIG | ||
| 008 | 160321t20112008sp o 000 f spa d | ||
| 006 | m o d | ||
| 007 | cr ||||||||||| | ||
| 035 | |a (OCoLC)945353957 | ||
| 040 | |a DGITA |b eng |e rda |e pn |c DGITA | ||
| 020 | |a 9788498416558 |q (eBook ; |q ePub) | ||
| 020 | |a 8498416558 |q (eBook ; |q ePub) | ||
| 020 | |a 9788498417036 |q (eBook ; |q Kindle) | ||
| 020 | |a 8498417031 |q (eBook ; |q Kindle) | ||
| 020 | |z 9788498411591 | ||
| 020 | |z 8498411599 | ||
| 041 | 1 | |a spa |h swe | |
| 043 | |a f-mz--- | ||
| 050 | 1 | 4 | |a PT9876.23.A49 eBook |
| 082 | 0 | 4 | |a 839.7374 |a [Fic] |2 23 |
| 100 | 1 | |a Mankell, Henning, |d 1948-2015, |e author. | |
| 240 | 1 | 0 | |a Eldens vrede. |l Spanish |
| 245 | 1 | 3 | |a La ira del fuego / |c Henning Mankell ; traducción del sueco de Mayte Giménez y Pontus Sánchez. |
| 250 | |a Edición en formato digital. | ||
| 264 | 1 | |a Madrid : |b Ediciones Siruela, |c octubre de 2011. | |
| 264 | 4 | |c ©2008 | |
| 300 | |a 1 online resource. | ||
| 336 | |a text |b txt |2 rdacontent | ||
| 337 | |a computer |b c |2 rdamedia | ||
| 338 | |a online resource |b cr |2 rdacarrier | ||
| 490 | 1 | |a Las tres edades ; |v 166 | |
| 520 | |a Sofia, who lost her legs as a child, is now grown up with children in Mozambique, but when she discovers that Armando, the father of her children, is cheating on her, she leaves him, igniting his terrible rage. | ||
| 588 | 0 | |a Online resource; title from ePub title page (Digitalia, viewed March 25, 2016) | |
| 650 | 0 | |a People with disabilities |v Juvenile fiction. | |
| 650 | 0 | |a Adultery |v Juvenile fiction. | |
| 650 | 0 | |a Families |v Juvenile fiction. | |
| 650 | 0 | |a Women |z Mozambique |x Social conditions |v Juvenile fiction. | |
| 651 | 0 | |a Mozambique |v Juvenile fiction. | |
| 655 | 0 | |a Electronic books. | |
| 700 | 1 | |a Giménez, Mayte, |e translator. | |
| 700 | 1 | |a Sánchez, Pontus, |e translator. | |
| 700 | 1 | |i Translation of: |a Mankell, Henning, |d 1948-2015. |t Eldens vrede. | |
| 791 | 2 | |a Digitalia (Firm), |e distributor. | |
| 793 | 0 | |g Digitalia eBook Collection: |a Siruela | |
| 776 | 0 | 8 | |i Print version: |a Mankell, Henning, 1948-2015, |s Eldens vrede. Spanish. |t Ira del fuego. |d Madrid : Siruela, 2008 |z 9788498411591 |w (OCoLC)377687436 |
| 830 | 0 | |a Tres edades ; |v 166. | |
| 856 | 4 | 0 | |3 Digitalia Hispánica |u https://digitalia.unach.elogim.com/a/32047/ |
| 910 | |a Premium Collection: 2016 | ||